High Court Motion Procedure : (Record no. 43)

MARC details
000 -LEADER
fixed length control field 00581nam a22001697a 4500
005 - DATE AND TIME OF INPUT
control field 20231025081959.0
008 - DATA ELEMENTS--GENERAL INFORMATION
fixed length control field 231025b |||||||| |||| 00| 0 eng d
020 ## - INTERNATIONAL STANDARD BOOK NUMBER
International Standard Book Number 9780409012415 ; 9780409044249
041 ## - LANGUAGE CODE
Language code of text English
082 ## - SHELF NUMBER
DDC number 347.1 JOF
100 ## - MAIN AUTHOR
Main author's name Neukircher B, Fourie HR and Haupt LC
Language of a work English
245 ## - TITLE STATEMENT
Title High Court Motion Procedure :
Sub-title A Practical Guide /
Statement of responsibility, etc. B Neukircher, Fourie HR and LC Haupt
260 ## - PUBLICATION, DISTRIBUTION, ETC.
Place of publication, distribution, etc. Durban :
Name of publisher, distributor, etc. LexisNexis (Pty) Ltd,
Date of publication, distribution, etc. 2021
300 ## - PHYSICAL DESCRIPTION
Other physical details vii, 117 pages ;
Dimensions 26 cm.
650 ## - SUBJECT`
Broad subject Legal practice
Own subject terms Law
942 ## - ADDED ENTRY ELEMENTS (KOHA)
Item type Books
942 ## - ADDED ENTRY ELEMENTS (KOHA)
-- ALISON_BN_VRIES
Holdings
Source of classification or shelving scheme Not for loan Collection code Home library Current library Shelving location Date acquired Full call number Barcode Price effective from Koha item type
Dewey Decimal Classification   TEXT BOOKS LAW SOCIETY OF NAMIBIA LIBRARY - WINDHOEK LAW SOCIETY OF NAMIBIA LIBRARY - WINDHOEK Civil Procedure and Court 10/25/2023 347.1 JOF LSN/2010/39 10/25/2023 Books